000 00323nam a22001457a 4500
020 _a817573854-5
082 _a920
_bDUA/S
100 _aDUA,SHYAM
245 _aTHE LUMINOUS LIFE OF SHIVAJI
250 _aFIRST
260 _aDELHI
_bTINY TOT PUBLICATIONS
_c2004
300 _a95
650 _aBIOGRAPHY
_zDELHI
942 _cBK
999 _c6115
_d6115